Obras completas. Tomo II

Na minha lista:
Detalhes bibliográficos
Autor principal: Azuela, Mariano
Formato: Livro
Idioma:Undetermined
Publicado em: México, Distrito Federal Fondo de Cultura Económica 1993
Assuntos:
Tags: Adicionar Tag
Sem tags, seja o primeiro a adicionar uma tag!

MARC

LEADER 00000nam a2200000Ia 4500
008 170316s9999 xx 000 0 und d
040 |a cru BVZT 
090 |a 860 A-44o v.2 
100 |a Azuela, Mariano 
245 |a Obras completas. Tomo II 
260 |a México, Distrito Federal 
260 |b Fondo de Cultura Económica 
260 |c 1993 
300 |a 1131 páginas Tomo II 
650 |a LITERATURA LATINOAMERICANA 
999 |c 8364  |d 8364 
942 |c 15 D  |h 860 A-44o v.2  |2 z